Kto sú manažéri Zrkadlo úspechu či neúspechu firmy?

Bibliographic Details
Main Author: Sedlák, Mikuláš, 1928-2015 (Author)
Format: Article
Language:Slovak
PhysicalDescription:Fotogr. 1
Subjects:

MARC

LEADER 00000nab a2200000 a 4500
001 vtls000508014
003 SK-MaSNL
005 20260304173210.0
008 120927c1993 xo 0 slo
015 |a SNBRB19rr/mm-uuuuu 
035 |a CL0508152 
040 |a SNKBUCL  |b slo  |c SNKBUCL  |e AACR2 
041 0 |a slo 
044 |a xo  |c SK 
080 |a 658.114.012.43-051  |2 1981 
080 |a 331.021.5-051  |2 1981 
100 1 |a Sedlák, Mikuláš,  |d 1928-2015  |4 aut  |9 210294 
245 1 0 |a Kto sú manažéri  |b Zrkadlo úspechu či neúspechu firmy?  |c Mikuláš Sedlák 
300 |b Fotogr. 1 
650 0 7 |a manažéri  |2 snkbucl  |9 1758 
655 7 |a články z novín a časopisov  |2 snkbucl  |9 267496 
773 0 |t Slovenský profit  |g Roč. 1, č. 14 (1993), s. 11 
850 |a Slovenská národná knižnica v Martine  |a MTA001 
852 |a SNK  |b KIS3GCP 
958 |a RK 
992 |a RBX 
999 |c 3002001  |d 3003931